| 000 | 00873cam a22002897a 4500 | ||
|---|---|---|---|
| 003 | CHAP | ||
| 005 | 20220329140520.0 | ||
| 008 | 971013c19461938 r 00010 d | ||
| 010 | _a53184 | ||
| 011 | _a54156 | ||
| 035 | _a58306 | ||
| 040 | _cCHAP | ||
| 082 |
_a630.942 _bW38 |
||
| 100 | 0 | 0 |
_aWatson, James A. Scott. _9121204 |
| 245 | 1 | 4 | _aThe farming year |
| 260 |
_aLondon, Longmans : _bGreen, _c1946 (c.1938) |
||
| 300 |
_a143 p. _b: ilus. |
||
| 590 |
_aBATCH-UPD _b10 _c20130110 _lUCH01 _h0036 |
||
| 590 |
_aBATCH-UPD _b10 _c20130110 _lUCH01 _h0522 |
||
| 590 |
_aBATCH-UPD _b10 _c20130409 _lUCH01 _h2020 |
||
| 590 |
_aBATCH-UPD _b10 _c20130913 _lUCH01 _h2130 |
||
| 590 |
_aCONVERSION _b10 _c20130109 _lUCH01 _h1329 |
||
| 650 | 1 | 4 |
_aAgricultura _zGran BretaƱa. _91926 |
| 901 | _aBK | ||
| 942 | _cLIBRO | ||
| 949 |
_a630.942 W38 _bBC _cLIBRO _d-126608 _eLIBRO _h20430 _i58306 _mD _si |
||
| 999 |
_c53184 _d53184 |
||